Arrondissements français connectés sur une carte #3 - Statistiques

Statistiques générales
  • Ce quiz a été pris 18 fois
  • Le résultat moyen est 15 sur 20
Réponses sur la Carte
Les réponses sont colorées sur une échelle allant du rouge au vert en fonction du pourcentage des utilisateurs qui les ont devinées à leur premier essai. Vous pouvez retrouver ces pourcentages ci-dessous.
 
Statistiques - réponses
Arrondissements % Correct
La Rochelle
94%
Limoges
88%
Saintes
88%
Bourg-en-Bresse
82%
Niort
82%
Dole
76%
Gex
76%
Lons-le-Saunier
76%
Roanne
76%
Rochefort
76%
Villefranche-sur-Saône
76%
Aubusson
71%
Confolens
71%
Jonzac
71%
Riom
71%
Vichy
71%
Nantua
65%
Saint-Claude
65%
Vesoul
59%
Rochechouart
53%
Aucun quiz correspondant
Distribution des résultats
% des personnes avec chaque résultat
Percentile par nombre de réponses
Votre historique - résultats
Vous n’avez pas pris ce quiz